Chansons d'Angèle - Statistiques

Statistiques générales
  • Ce quiz a été pris 204 fois
  • Le résultat moyen est 19 sur 37
Statistiques - réponses
Album Titre % Correct
Brol 2 Balance ton quoi
94%
Brol 10 Ta reine
79%
Brol 19 Ta reine (version orchestrale)
79%
Brol 5 La Loi de Murphy
75%
Nonante-cinq 1 Bruxelles je t'aime
74%
Brol 4 Tout oublier
73%
Nonante-cinq 18 Démons - Live Orchestral
72%
Nonante-cinq 7 Démons
71%
Brol 1 La Thune
70%
Brol 14 Oui ou non
69%
Brol 3 Jalousie
68%
Brol 12 Flou
66%
Nonante-cinq 2 Libre
64%
Nonante-cinq 6 Taxi
64%
Brol 9 Je veux tes yeux
60%
Brol 8 Les matins
47%
Brol 11 Flemme
45%
Brol 6 Nombreux
44%
Nonante-cinq 9 Tempête
44%
Nonante-cinq 16 Patrick
41%
Brol 13 Perdus
41%
Nonante-cinq 13 Amour, Haine et Danger
40%
Brol 17 J'entends
40%
Brol 18 Que du love
40%
Brol 15 Insomnies
39%
Nonante-cinq 17 Le temps fera les choses
38%
Brol 7 Victime des réseaux
38%
Nonante-cinq 4 Solo
36%
Brol 16 Tu me regardes
36%
Nonante-cinq 15 Évidemment
34%
Nonante-cinq 8 Plus de sens
34%
Nonante-cinq 3 On s'habitue
33%
Nonante-cinq 12 Mauvais rêves
31%
Nonante-cinq 5 Pensées positives
31%
Nonante-cinq 10 Profite
31%
Nonante-cinq 11 Mots justes
29%
Nonante-cinq 14 Promets-moi
23%
Aucun quiz correspondant
Distribution des résultats
% des personnes avec chaque résultat
Percentile par nombre de réponses
Votre historique - résultats
Vous n’avez pas pris ce quiz